| 000 | 00465cam a2200181ua 4500 | ||
|---|---|---|---|
| 003 | OSt | ||
| 005 | 20260221113649.0 | ||
| 008 | 260124b |||||||| |||| 00| 0 eng d | ||
| 041 | _aeng | ||
| 082 |
_a630.92 _bRAN/FA |
||
| 100 |
_aRandhawa, M S. _97849 |
||
| 245 | _aFarmers of India, Vol 1 / | ||
| 250 | _a1 / | ||
| 260 |
_aNew Delhi : _bIndian Council for Agricultural Research , _c1959. |
||
| 300 | _a302 ; . | ||
| 700 | 1 |
_aPremnath, . _94369 |
|
| 942 | _cBK | ||
| 999 |
_c10703 _d10703 |
||